000 00647nam a2200181 a 4500
005 20140412111309.0
008 030325s19uu xx 00 eng d
020 _a0-698-11428-0
050 _aTR(PS E
_bCl53 1992
100 _aCauley, Lorinda Bryan
245 _aClap your hands /
_cLorinda Bryan Cauley.
260 _aNew York :
_bPaperStar Books,
_c1992.
300 _a1 v. (unp.) ; ill.
520 _aRhyming text instructs the listener to find something yellow, roar like a lion, give kiss, tell a secret, spin in a circle and perform other playful activities
650 _aPlay--Fiction
650 _aStories in rhyme
999 _c103862
_d103862